Responses for show #7728 - Wednesday, March 28, 2018

Contestants

[<< previous game]

Emily Milan, a nanny from Birmingham, Michigan

Joey DiNardi, a substitute teacher from Newington, Connecticut

Robert Dimitri, a management and production assistant from Los Angeles, California (whose 1-day cash winnings total $23,601)

[next game >>]

Jeopardy! Round responses

CLUES ACROSS NEW YORK CITY
(Alex: And each one of those clues will be presented by the talented on-air people at WABC in New York.)
ENTERTAINING INSPIRATIONS
POTPOURR-KNEE
YESTERDAY'S NEWS
RELATIONSHIPS ARE HARD
GO SEE "AL"
    $200 11
the Underground Railroad

Joey
    $200 6
Alien

Joey
    $200 16
(Joey: What is Sir?)
[Originally ruled incorrect; ruled correct before the start of Double Jeopardy!]

a knight

DimitriJoey
    $200 20
Boss Tweed

Joey
    $200 1
a pal

Dimitri
    $400 12
the World's Fair

Emily
    $400 7
Halo

Dimitri
    $400 17
Gabriel

Joey
    $400 2
morale

Emily
    $600 13
Ellis Island

Joey
    $600 8
Golden Girls

Emily
    $600 18
Colin Kaepernick

Dimitri
    $600 22
(Alex: With less than a minute.)

the cotton gin

Emily
    $600 24
brother-in-law

Dimitri
    $600 3
a rationale

Dimitri
    $800 14
Ferdinand and Isabella

Joey
    $800 9
Mystery Science Theater 3000

Emily
    $800 19
the terracotta warriors

Triple Stumper
    $800 21
salt

Joey
    $800 25
nephew

Joey
    $800 4
chaparral

Triple Stumper
    $1000 15
(Joey: Who is D'Amato?)
...
(Alex: And I do want to express my thanks to all those very talented people at WABC in New York, channel 7. They are so good, I don't think we're gonna invite them to do clues like that anymore.)

Jacob Javits

Joey
Triple Stumper
    $1000 10
"Accentuate The Positive"

Triple Stumper
    $1000 23
apartheid

Triple Stumper
    $1000 26
(Emily: What is child?)
...
[The end-of-round signal sounds.]

mother

Emily
Triple Stumper
    $1000 5
Pascal

Triple Stumper

Scores at the first commercial break (after clue 15):

Dimitri Joey Emily
$1,200 $800 $2,200

Scores at the end of the Jeopardy! Round:

Dimitri Joey Emily
$2,600 $3,200 $1,800

Double Jeopardy! Round responses

PIPE SHOW
MYSTERIOUS WORDS
ALFRED NOBEL, THIS IS YOUR LIFE
LEAGUES
SONGS FOR YOUR CAT
NOVELS ABOUT JESUS
    $400 26
Pan

Emily
    $400 10
curious

Emily
    $400 18
Peace Prize (or peace congresses)

Joey
    $400 6
the League of Nations

Emily
    $400 1
Tom Jones

Emily
    $400 3
Johnny Cash

Joey
    $800 11
(Emily: What is enigma?)

the Sphinx

Emily
Triple Stumper
    $800 19
a blasting cap

Triple Stumper
    $800 9
consumers

Dimitri
    $800 2
Smelly Cat

Joey
    $800 4
Mel Gibson

Emily
    $1200 22
cryptic

Dimitri
    $1200 20
an obituary

Joey
    $1200 12
the Iroquois

Joey
    $1200 5
"The Cat's In The Cradle"

Dimitri
    $1200 15
Gore Vidal

Joey
    $1600 28
[The end-of-round signal sounds.]

Borneo

Joey
    $1600 23
enigma

Joey
    $1600 21
nitroglycerin

Emily
    $5,000 13
(Joey: What is Australia?)

Ireland

Joey
    $1600 7
Crosby, Stills, Nash & Young

Emily
    $1600 16
The Last Temptation of Christ

Triple Stumper
    $1,300 25
polyvinyl chloride

Joey
    $2000 27
a conundrum

Dimitri
    $2000 24
Sanremo

Triple Stumper
    $2000 14
(Dimitri: Who is Angler?)

Izaak Walton

Dimitri
Triple Stumper
    $2000 8
"Love Cats"

Triple Stumper
    $2000 17
the robe

Triple Stumper

Scores at the end of the Double Jeopardy! Round:

Dimitri Joey Emily
$5,800 $7,900 $6,600

[wagering suggestions for these scores]

Final Jeopardy! Round responses

MUSICAL THEATER
(Alex: Great songs by the late, great Whitney Houston.)
DimitriWhat is The Bodyguard?
$3,200
EmilyWhat is The Bodyguard?
$5,001
JoeyWhat is the Bodyguard?
$0
The Bodyguard

Final scores:

Dimitri Joey Emily
$9,000 $7,900 $11,601
2nd place: $2,000 3rd place: $1,000 New champion: $11,601

Game dynamics:

Coryat scores:

Dimitri Joey Emily
$5,800 $13,600 $6,600
10 R,
1 W
18 R
(including 1 DD),
2 W
(including 1 DD)
12 R,
2 W

Combined Coryat: $26,000

The J! Archive is created by fans, for fans. The Jeopardy! game show and all elements thereof, including but not limited to copyright and trademark thereto, are the property of Jeopardy Productions, Inc. and are protected under law. This website is not affiliated with, sponsored by, or operated by Jeopardy Productions, Inc. Join the discussion at JBoard.tv.